000 00581nam a2200193Ia 4500
003 LK-CoDNM
008 010623t1993 xxu||||| |||| 00| 1 sin d
040 _aLK-CoDNM
_dLK-CoDNM
_eLK-CoDNM
041 _asin
080 _a07
_bBAN
100 _aBandara,Gamini Dela.
245 _aසිංහල පුවත්පත් ප්‍ර‍භවය සහ අභිවර්ධනය
246 _aSinhala Puwathpath Prabawaya saha Abhivardhanaya
260 _bGamini Delabandara
_c1993
300 _b56p., 21 cm
650 _aJournalism
650 _aNewspapers
942 _cBK
999 _c116335
_d116335